00578 2200205 4500001002100000005001500021035002000036007000300056008004100059020002200100082001000122084001400132100004800146245006100194260004400255300003200299650001700331990001200348990001200360INLIS00000000000200120180525090951 a0010-0518000071ta180525 g 0 ind  a978-602-02-8670-9 a741.5 a741.5 KOM0 aKOMIKIN, Ajah! Kompilasi Sindir-Sindiran...1 aKomikin Ajah! Kompilasi: Sindir-Sindiran /ckomikin_ajah aJakarta :bElex Media Komputindo,c2016 a118 hlm. :bilus. ;c15 cm. aKOMIK.BACAAN a16678 a a16678 b